000 00308nam a22001337a 4500
008 170313b xxu||||| |||| 00| 0 eng d
020 _a9780023933509
041 _aeng
080 _a591
100 _a7
101 _aSHM
245 _aMANUAL OF ENTOMOLOGY AND PEST MANAGEMENT
_cHIGLEY, L.G
942 _2udc
_cBK
999 _c7730
_d7730